|
|
|
|
| LEADER |
00000cam a2200000 a 4500 |
| 001 |
vtls001475619 |
| 003 |
SK-MaSNL |
| 005 |
20260302073548.0 |
| 008 |
240226s2004 xo frn 000 0 slo |
| 015 |
|
|
|a SNBA2005/02-00775
|
| 020 |
|
|
|a 8080453357
|q (brožované)
|
| 035 |
|
|
|a SNK000430920
|
| 035 |
|
|
|a urn:nbn:sk:snk-am3ixr4
|
| 035 |
|
|
|a 98FC2CED-8B68-4088-8790-12D2B378C9BC
|
| 035 |
|
|
|a urn:nbn:sk:snk-am00g4e9
|
| 040 |
|
|
|a SNK
|b slo
|c SNK
|e AACR2
|
| 041 |
0 |
|
|a slo
|
| 044 |
|
|
|a xo
|c SK
|
| 072 |
|
7 |
|a 37
|x Výchova a vzdelávanie
|2 konspekt
|
| 072 |
|
7 |
|a 371
|x Školstvo (organizácia)
|2 konspekt
|
| 072 |
|
7 |
|a 17
|x Etika. Morálna filozofia
|2 konspekt
|
| 080 |
|
|
|a 37.011.3-051
|2 1997
|
| 080 |
|
|
|a 371.12/.16
|2 1997
|
| 080 |
|
|
|a 174
|2 1997
|
| 080 |
|
|
|a 373.3
|2 1997
|
| 080 |
|
|
|a (048.8)
|2 1997
|
| 080 |
|
|
|a 377
|2 1997
|
| 080 |
|
|
|a 37.011.3-051
|2 2011
|
| 080 |
|
|
|a 37.091.12
|2 2011
|
| 080 |
|
|
|a 174
|2 2011
|
| 080 |
|
|
|a 373.3
|2 2011
|
| 080 |
|
|
|a 377
|2 2011
|
| 080 |
|
|
|a (048.8)
|2 2011
|
| 100 |
1 |
|
|a Kariková, Soňa,
|d 1953-
|4 aut
|9 252041
|
| 245 |
1 |
0 |
|a Špecifiká profesijnej dráhy učiteliek
|c Soňa Kariková
|
| 250 |
|
|
|a 1. vyd.
|
| 260 |
|
|
|a V Prešove
|b Metodicko-pedagogické centrum
|c 2004
|
| 300 |
|
|
|a 56 strán
|c 21 cm
|
| 366 |
|
|
|e 250 kusov
|
| 504 |
|
|
|a Bibliografia na strane 52-56
|
| 650 |
0 |
7 |
|a učitelia
|2 SNKPH
|9 3995
|
| 650 |
0 |
7 |
|a učiteľská profesia
|2 SNKPH
|9 74525
|
| 650 |
0 |
7 |
|a profesijná etika
|2 SNKPH
|9 15135
|
| 650 |
0 |
7 |
|a základné školy
|2 SNKPH
|9 1280
|
| 650 |
0 |
7 |
|a profesijná príprava
|2 SNKPH
|9 4253
|
| 655 |
|
7 |
|a štúdie
|2 SNKPH
|9 57033
|
| 752 |
|
|
|a Slovensko
|d Prešov
|
| 919 |
|
|
|a 80-8045-335-7
|
| 958 |
|
|
|a TL
|
| 958 |
|
|
|a NB
|
| 958 |
|
|
|a SP
|
| 958 |
|
|
|a OND
|
| 999 |
|
|
|c 1161329
|d 1163259
|
| 952 |
|
|
|t P60, <03>, [BOOK], {603}, -K-
|a SNK
|b SNK
|y PREZ
|7 0
|p 17A0429785
|o snkSC 115971
|i snkKSP 7074/2004
|0 0
|1 0
|4 0
|d 2004-05-28
|f 1
|l 0
|r 2025-10-16 00:00:00
|w 2026-02-24
|
| 952 |
|
|
|t P60, <04>, [BOOK], {604}
|a SNK
|b SNK
|y VYP
|7 0
|p 17A0429786
|o snkSC 115971 D1
|i snkKSP 7075/2004
|0 0
|1 0
|4 0
|d 2004-05-28
|l 0
|r 2005-01-02 00:00:00
|w 2026-02-24
|